|
|
|
|
| LEADER |
00000nab a2200000 a 4500 |
| 001 |
vtls000342501 |
| 003 |
SK-MaSNL |
| 005 |
20260426075925.0 |
| 008 |
250424c1988 xo 0 slo |
| 015 |
|
|
|a SNBRA19rr/mm-uuuuu
|
| 035 |
|
|
|a CL0342623
|
| 035 |
|
|
|a urn:nbn:sk:snk-abbive
|
| 035 |
|
|
|a (urnnbn)urn:nbn:sk:snk:ar-000954
|
| 035 |
|
|
|a (uuid)25e11515-a75e-4b20-bbc4-a6d23822273a
|
| 040 |
|
|
|a SNKBUCL
|b slo
|c SNKBUCL
|e AACR2
|
| 041 |
0 |
|
|a ger
|
| 044 |
|
|
|a xo
|c SK
|
| 080 |
|
|
|a 903.5:902
|2 1981
|
| 080 |
|
|
|a 902
|2 1981
|
| 080 |
|
|
|a 572
|2 1981
|
| 100 |
1 |
|
|a Gomolčák, Pavol
|4 aut
|9 928400
|
| 245 |
1 |
4 |
|a Die anthropologische Charakteristik des Skelettmateriale von keltischen Objekt 3b/85 aus der Nálepkova ulica 19-21 in Bratislava
|b Bratislave.)
|c Pavol Gomolčák
|
| 300 |
|
|
|b Obr. 4. Tb. 6. Res. slov., rus., lit. 19 zázn. v slov., češ., angl., nem.
|
| 650 |
0 |
7 |
|a nálezy antropologické
|2 snkbucl
|9 1276782
|
| 650 |
0 |
7 |
|a doba laténska
|2 snkbucl
|9 71483
|
| 651 |
|
7 |
|a Bratislava (Slovensko)
|2 snkbucl
|9 14568
|
| 655 |
|
7 |
|a články zo zborníkov
|2 snkbucl
|9 166140
|
| 773 |
0 |
|
|t Zborník Slovenského národného múzea. História 28. Roč. 82
|d Martin : Osveta, 1988
|g S. 73-91
|
| 850 |
|
|
|a Slovenská národná knižnica
|
| 852 |
|
|
|a Slovenská národná knižnica
|
| 957 |
|
|
|a 5100
|
| 958 |
|
|
|a article15
|
| 958 |
|
|
|a NB
|
| 958 |
|
|
|a RK
|
| 958 |
|
|
|a ME
|
| 958 |
|
|
|a OND
|
| 958 |
|
|
|a EUIPO
|
| 992 |
|
|
|a RZB
|
| 999 |
|
|
|c 2789576
|d 2791506
|